|
|
|
|
| LEADER |
00920nam a2200361 4500 |
| 001 |
DLU080062014 |
| 005 |
##20080117 |
| 040 |
# |
# |
|a DLU
|b vie
|
| 041 |
# |
# |
|a vie
|
| 044 |
# |
# |
|a vn
|
| 082 |
# |
# |
|a 647.95
|b HO-V
|
| 100 |
# |
# |
|a Hồng Vân.
|
| 245 |
# |
# |
|a Kinh doanh khách sạn /
|c Hồng Vân, Công Mỹ, Minh Ninh.
|
| 260 |
# |
# |
|a Tp. Hồ Chí Minh :
|b Trẻ,
|c 2007.
|
| 300 |
# |
# |
|a 249 tr. ;
|c 24 cm.
|
| 490 |
# |
# |
|a Đường vào nghề.
|
| 504 |
# |
# |
|a Thư mục tham khảo: tr.249.
|
| 653 |
# |
# |
|a Công nghiệp dịch vụ
|
| 653 |
# |
# |
|a Hướng nghiệp
|
| 653 |
# |
# |
|a Kinh doanh khách sạn
|
| 653 |
# |
# |
|a Nghệ thuật kinh doanh.
|
| 700 |
# |
# |
|a Công Mỹ.
|
| 700 |
# |
# |
|a Minh Ninh
|
| 923 |
# |
# |
|a 27/2007
|
| 992 |
# |
# |
|a 37000
|
| 994 |
# |
# |
|a DLU
|
| 900 |
# |
# |
|a True
|
| 911 |
# |
# |
|a Nguyễn Thanh Hương
|
| 925 |
# |
# |
|a G
|
| 926 |
# |
# |
|a A
|
| 927 |
# |
# |
|a SH
|
| 980 |
# |
# |
|a Thư viện Trường Đại học Đà Lạt
|